00467nam a2200181 a 4500001001300000003000900013005001700022008004100039020000900080082001700089100002500106245003500131260003600166300000900202500003500211505001700246650002200263nice12345678IN_TiNIC20260116012223.0050524s1976 deoa grp 000 0 eng  ac3000a297.63bHUS2 aHussaini, Syed Jamal aSeerat-E-Mubaraka Risalat Maab aDeobandbMaktaba Taiyyabac1976 a368p aincludes index and biblioraphy2 abibliography aMuhammad, Prophet